000 00700nam a2200229Ia 4500
003 OSt
005 20220923221145.0
006 a|||||r|||| 00| 0
007 ta
008 220922b |||||||| |||| 00| 0 hin d
024 _a195,701
037 _cTextual
040 _aARTS
_cARTS
_bhin
041 _2hin
_ahin
082 _aR4, 152L0
100 _aमाधवन, आनन्द शंकर
_9156274
245 0 _aमाधव निदान
246 _aMādhav nidāna
260 _aभागलपुर
_b मन्दार विद्यापीट
_c1970
942 _hR4, 152L0
_cTEXL
_2CC
999 _c347845
_d347845